Most Indigenous Languages Quiz Stats

 Plays Quiz Updated Jan 25, 2019

Support Sporcle.
Go Orange.
Score 0/27 Timer 06:00
13 Plays Today
Country % Correct
China
94.8%
United States
91.6%
India
89.9%
Russia
89%
Brazil
88.7%
Mexico
83.8%
Canada
82.1%
Australia
80.2%
Indonesia
75.4%
Peru
66%
Nigeria
63.4%
Democratic Republic of Congo
59.2%
Malaysia
57.9%
Vietnam
56.3%
Country % Correct
Colombia
56.2%
Philippines
52.3%
Ethiopia
51.3%
Papua New Guinea
48.9%
Chad
47.2%
Laos
46.9%
Myanmar
42.8%
Tanzania
41.9%
Ghana
38.4%
Nepal
37.2%
Cameroon
36.5%
Côte d’Ivoire
27.3%
Vanuatu
10%

From the Vault

Italian Food Etymology

by Tootsnsuch

And here we thought all these Italian food names just translated into 'delicious'.
Remove Ads.
Support Sporcle.
Get the best of Sporcle when you Go Orange. This ad-free experience offers more features, more stats, and more fun while also helping to support Sporcle. Thank you for becoming a member.

Show Comments

Extras

Top Quizzes Today


Score Distribution

Your Account Isn't Verified!

In order to create a playlist on Sporcle, you need to verify the email address you used during registration. Go to your Sporcle Settings to finish the process.

Report this User

Report this user for behavior that violates our Community Guidelines.

Details: